Modern microeconomics (Record no. 5281)

MARC details
000 -LEADER
fixed length control field 00464nam a2200169Ia 4500
003 - CONTROL NUMBER IDENTIFIER
control field SGT
020 ## - INTERNATIONAL STANDARD BOOK NUMBER
International Standard Book Number 97880333778210
082 ## - DEWEY DECIMAL CLASSIFICATION NUMBER
Classification number 338.5
Item number KOU
100 ## - MAIN ENTRY--PERSONAL NAME
Personal name Koutsoyiannis,A
245 ## - TITLE STATEMENT
Title Modern microeconomics
250 ## - EDITION STATEMENT
Edition statement 2nd Ed.
260 ## - PUBLICATION, DISTRIBUTION, ETC. (IMPRINT)
Name of publisher, distributor, etc Macmillan Publishers India Limted
Place of publication, distribution, etc New Delhi
Year of Publication 2008
300 ## - PAGE DESCRIPTION
No. of Pages 581p.
650 ## - SUBJECT ADDED ENTRY--TOPICAL TERM
Topical term or geographic name as entry element ECONOMICS
653 ## - KEYWORDS--INDEX TERM
Keyword term THEORY OF DEMAND, THEORY OF PRODUCTION,THEORY OF COSTS, PERFECT COMPETITION, MONOPOLY
942 ## - ADDED ENTRY ELEMENTS (KOHA)
Source of classification or shelving scheme Dewey Decimal Classification
Koha item type Books
Holdings
Withdrawn status Lost status Source of classification or shelving scheme Damaged status Not for loan Home library Current library Date acquired SGTU Total Checkouts Full call number Accession No. (Barcode) Date last seen Bill Date Koha item type Use restrictions Shelving location
    Dewey Decimal Classification     SGT Engineering Library SGT Engineering Library 02/07/2011 SGTU   338.5 KOU FE3741 09/02/2015 09/02/2015 Books    
    Dewey Decimal Classification     SGT Engineering Library SGT Engineering Library 02/07/2011 SGTU   338.5 KOU FE3742 09/02/2015 09/02/2015 Books    
    Dewey Decimal Classification     SGT Engineering Library SGT Engineering Library 02/07/2011 SGTU   338.5 KOU FE3743 09/02/2015 09/02/2015 Books    
    Dewey Decimal Classification     SGT Engineering Library SGT Engineering Library 02/07/2011 SGTU   338.5 KOU FE3744 09/02/2015 09/02/2015 Books    
    Dewey Decimal Classification   Not For Loan SGT Engineering Library SGT Engineering Library 02/07/2011 SGTU   338.5 KOU FE3745 09/02/2015 09/02/2015 Books Restricted Access Reference Book